000 00885nam a22002417a 4500
001 3345
003 FISKH
005 20240228161811.0
008 240228b cb ||||| |||| 00| 0 eng d
040 _aFISK
_beng
_cFISK
_dFISK
050 _aPZ7.G2933
082 _a823.9
100 _aGeorge Craighead Jean :
_d1919-2012
245 _aMy Side of the Mountain /
_cJean Craighead George
260 _aNew York :
_bJean Craighead George,
_c1988
300 _a177 pages :
_billustrations :
_c18 cm
501 _aN
520 _aA young boy relates his adventures during the year he spends living alone in the Catskill Mountains including his struggle for survival, his dependence on nature, his animal friends, and his ultimate realization that he needs human companionship.
521 8 _a810
_bN
700 _aJean Craighead George
942 _2ddc
_cBK
_n0
999 _c3345
_d3345